| 000 | 00428nam a22001817a 4500 | ||
|---|---|---|---|
| 003 | MPLRDC | ||
| 005 | 20220104114209.0 | ||
| 008 | 210129b ||||| |||| 00| 0 eng d | ||
| 020 | _a7-80084-054-9 | ||
| 082 | _a782.29 LHJ | ||
| 100 | _a柳海捷 | ||
| 245 |
_a十大军阀风流史 _c |
||
| 250 | _a一版一刷 | ||
| 260 |
_a _b金城出版社 _c1993 |
||
| 300 | _b平 | ||
| 650 | _a中国传记 | ||
| 942 |
_cBK _o782.29 LHJ |
||
| 999 |
_c5581 _d5571 |
||